Calculate MCR in Solvency II

Minimálna kapitálová požiadavka na solventnosť. Teoretický rámec výpočtu MCR. Výpočtová realizácia.

Salvato in:
Dettagli Bibliografici
Autore principale: Páleš, Michal, 1984-
Natura: Capitolo di libro
Lingua:slovacco
Soggetti:
Tags: Aggiungi Tag
Nessun Tag, puoi essere il primo ad aggiungerne!!

MARC

LEADER 00000naa$a2200000$$$4500
001 0249323
005 20240502083710.2
041 0 |a slo 
044 |a CZ 
245 1 0 |a Calculate MCR in Solvency II  |c Michal Páleš 
520 |a Minimálna kapitálová požiadavka na solventnosť. Teoretický rámec výpočtu MCR. Výpočtová realizácia. 
610 2 0 |a poisťovne 
610 2 0 |a poistenie 
610 2 0 |a solventnosť 
610 2 0 |a kapitál 
610 2 0 |a financie 
610 2 0 |a riziko poistné 
610 2 0 |a riziko trhové 
610 2 0 |a riziko úverové 
100 1 |a Páleš, Michal, 1984-